| 000 | 01016cam a22002891 4500 | ||
|---|---|---|---|
| 001 | 24770 | ||
| 003 | BD-RjUL | ||
| 005 | 20211209001109.0 | ||
| 008 | 140315s1929 enk 001 0 eng d | ||
| 035 | _a(BD-RjUL)24839 | ||
| 035 | _a(OCoLC)1534295 | ||
| 040 |
_aDLC _cFJ _dOCoLC _dDLC _dBD-RjUL _beng |
||
| 041 | _aeng | ||
| 082 | 0 | 0 |
_a944.06 _bLUR 1929 |
| 100 | 1 |
_aLucas-Dubreton, J. _q(Jean), _d1883-1972. _976252 |
|
| 245 | 1 | 4 |
_aThe restoration and the July monarchy / _cby J. Lucas-Dubreton. Translated from the French by E. F. Buckley. |
| 260 |
_aLondon : _bW. Heinemann ltd., _c1929 |
||
| 300 |
_av, 380, [2] p. ; _c23 cm. |
||
| 490 | 0 | _aThe national history of France | |
| 504 | _aBibliography at end of each chapter. and Index | ||
| 651 | 0 |
_aFrance _xHistory _yRestoration, 1814-1830. _976253 |
|
| 651 | 0 |
_aFrance _xHistory _yLouis Philippe, 1830-1848. _976254 |
|
| 700 | 1 |
_aBuckley, E. F. _q(Elsie Finnimore), _d1882-1959, _etr. _976241 |
|
| 942 |
_2ddc _cBK |
||
| 999 |
_c24770 _d24770 |
||